[Event "Gothenburg op"]
[Site "Gothenburg"]
[Date "2022.08.13"]
[Round "5"]
[White "Eldh, Hjalmar"]
[Black "Andreasson, Leo"]
[Result "1-0"]
[WhiteElo "1711"]
[BlackElo "1132"]
[PlyCount "113"]
[EventDate "2022.08.12"]
[EventType "swiss"]
[EventRounds "8"]
[EventCountry "SWE"]
[SourceTitle "CBM 209 Extra"]
[Source "ChessBase"]
[SourceDate "2022.09.30"]
[SourceVersion "1"]
[SourceVersionDate "2022.09.30"]
[SourceQuality "1"]

1. e4 e6 2. b3 d5 3. Bb2 c5 4. exd5 exd5 5. Nf3 Nd7 6. Bb5 a6 7. Qe2+ Qe7 8. Bd3 Qxe2+ 9. Bxe2 Ngf6 10. Nc3 Bd6 11. d4 b6 12. 0-0 0-0 13. Rad1 Bb7 14. Nh4 cxd4 15. Rxd4 Bc5 16. Rd2 Rad8 17. Rfd1 Ne5 18. Nxd5 Bxf2+ 19. Kxf2 Ne4+ 20. Ke1 Nxd2 21. Ne7+ Kh8 22. Rxd2 Rxd2 23. Kxd2 Ng6 24. Nhf5 f6 25. Nxg6+ hxg6 26. Nh4 Rd8+ 27. Bd3 g5 28. Ng6+ Kg8 29. Ke3 Re8+ 30. Kf2 Be4 31. h4 Bxd3 32. cxd3 Kh7 33. h5 Rc8 34. Bd4 Rc2+ 35. Kf3 Rxa2 36. Bxb6 Ra3 37. Ke4 Rxb3 38. Bc5 f5+ 39. Kd4 Kg8 40. Ne7+ Kf7 41. Nxf5 Kf6 42. Ne3 Ke6 43. Kc4 Rb1 44. d4 Re1 45. d5+ Kd7 46. Kd3 a5 47. Bf8 Rh1 48. g4 a4 49. Bxg7 a3 50. Ke4 a2 51. Kf5 a1Q 52. Bxa1 Rxa1 53. Kxg5 Ke7 54. Kg6 Ra6+ 55. Kg7 Rf6 56. d6+ Rxd6 57. Nf5+ 1-0